<?xml version="1.0" encoding="UTF-8"?>
<collection xmlns="http://www.loc.gov/MARC21/slim">
 <record>
  <leader>01156nam a22002777a 4500</leader>
  <controlfield tag="001">32586</controlfield>
  <controlfield tag="003">BD-DhAAL</controlfield>
  <controlfield tag="005">20211116112832.0</controlfield>
  <controlfield tag="008">180116t2010    mnua     bi   001 0 eng d</controlfield>
  <datafield tag="999" ind1=" " ind2=" ">
   <subfield code="c">39005</subfield>
   <subfield code="d">39005</subfield>
  </datafield>
  <datafield tag="020" ind1=" " ind2=" ">
   <subfield code="a">9780984404308</subfield>
  </datafield>
  <datafield tag="040" ind1=" " ind2=" ">
   <subfield code="a">BD-DhAAL</subfield>
  </datafield>
  <datafield tag="082" ind1=" " ind2=" ">
   <subfield code="a">726.143</subfield>
  </datafield>
  <datafield tag="100" ind1="1" ind2=" ">
   <subfield code="a">Phuoc, Le Huu,</subfield>
   <subfield code="c">architectural CAD draftsman.</subfield>
   <subfield code="9">24854</subfield>
  </datafield>
  <datafield tag="245" ind1="1" ind2="0">
   <subfield code="a">Buddhist architecture /</subfield>
   <subfield code="c">Le Huu Phuoc</subfield>
  </datafield>
  <datafield tag="260" ind1=" " ind2=" ">
   <subfield code="a">Lakeville, MN : </subfield>
   <subfield code="b">Grafikol, </subfield>
   <subfield code="c">2010</subfield>
  </datafield>
  <datafield tag="300" ind1=" " ind2=" ">
   <subfield code="a">343 pages :</subfield>
   <subfield code="b">illustrations ;</subfield>
   <subfield code="c">24 cm.</subfield>
  </datafield>
  <datafield tag="504" ind1=" " ind2=" ">
   <subfield code="a">Includes bibliographical references (p. 302-324) and index.</subfield>
  </datafield>
  <datafield tag="505" ind1=" " ind2=" ">
   <subfield code="a">Indus civilization -- Foundation of Buddhism -- Asoka pillar -- Monastery -- Rock-hewn cave -- Supa -- Temple -- Four holiest sites.</subfield>
  </datafield>
  <datafield tag="526" ind1=" " ind2=" ">
   <subfield code="a">AAL</subfield>
  </datafield>
  <datafield tag="541" ind1=" " ind2=" ">
   <subfield code="a">Development Book Agency</subfield>
   <subfield code="e">32586</subfield>
  </datafield>
  <datafield tag="650" ind1=" " ind2="0">
   <subfield code="a">Buddhist architecture </subfield>
   <subfield code="z">India.</subfield>
   <subfield code="9">24855</subfield>
  </datafield>
  <datafield tag="650" ind1=" " ind2="0">
   <subfield code="a">Architecture.</subfield>
   <subfield code="9">42710</subfield>
  </datafield>
  <datafield tag="852" ind1=" " ind2=" ">
   <subfield code="a">Ayesha Abed Library</subfield>
   <subfield code="c">General Stacks</subfield>
  </datafield>
  <datafield tag="942" ind1=" " ind2=" ">
   <subfield code="2">ddc</subfield>
   <subfield code="c">BK</subfield>
  </datafield>
  <datafield tag="952" ind1=" " ind2=" ">
   <subfield code="0">0</subfield>
   <subfield code="1">0</subfield>
   <subfield code="2">ddc</subfield>
   <subfield code="4">0</subfield>
   <subfield code="6">726_143000000000000_PHU</subfield>
   <subfield code="7">0</subfield>
   <subfield code="9">62599</subfield>
   <subfield code="a">BRACUL</subfield>
   <subfield code="b">BRACUL</subfield>
   <subfield code="c">GEN</subfield>
   <subfield code="d">2018-01-14</subfield>
   <subfield code="e">Development Book Agency </subfield>
   <subfield code="g">3700.00</subfield>
   <subfield code="l">6</subfield>
   <subfield code="m">53</subfield>
   <subfield code="o">726.143 PHU</subfield>
   <subfield code="p">3010032586</subfield>
   <subfield code="r">2025-03-09</subfield>
   <subfield code="s">2025-03-06</subfield>
   <subfield code="t">1</subfield>
   <subfield code="v">3700.00</subfield>
   <subfield code="w">2018-01-14</subfield>
   <subfield code="y">BK</subfield>
  </datafield>
 </record>
</collection>
